000 00598nam a2200229Ia 4500
003 OSt
005 20220928140027.0
006 a|||||r|||| 00| 0
007 ta
008 220927b |||||||| |||| 00| 0 eng d
024 _a6128
037 _cTextual
040 _aSDCL
_cSDCL
_beng
041 _2eng
_aeng
082 _aO-,2J64,65, M1
100 _aShakespeare William
245 0 _aKing Richard III.
260 _c1981
700 _a Hammond Antony Ed.
_9493592
942 _hO-,2J64,65, M1
_cTEXL
_2CC
999 _c809436
_d809436